Statistics for All Oscar-Nominated Films 2023

Click here to take the quiz!

General Stats

  • This quiz has been taken 16 times
  • The average score is 19 of 39

Answer Stats

NominationsDirectorActorFilm% Correct
8Baz LuhrmannAustin ButlerElvis
93%
11Daniel Scheinert
Daniel Kwan
Michelle YeohEverything Everywhere All at Once
93%
3Matt ReevesRobert PattinsonThe Batman
93%
3Darren AronofskyBrendan FraserThe Whale
93%
4James CameronSam WorthingtonAvatar: The Way of Water
80%
6Todd FieldCate BlanchettTár
80%
9Martin McDonaghColin FarrellThe Banshees of Inisherin
80%
7Steven SpielbergGabriel LaBelleThe Fabelmans
80%
3Ruben ÖstlundHarris DickinsonTriangle of Sadness
80%
5Ryan CooglerLetitia WrightBlack Panther: Wakanda Forever
73%
1Andrew DominikAna de ArmasBlonde
73%
1Rian JohnsonDaniel CraigGlass Onion
73%
6Joseph KosinskiTom CruiseTop Gun: Maverick
73%
1Charlotte WellsPaul MescalAftersun
67%
3Damien ChazelleBrad PittBabylon
67%
9Edward BergerFelix KammererAll Quiet on the Western Front
60%
1Guillermo del Toro
Mark Gustafson
Gregory MannGuillermo del Toro's Pinocchio
60%
1S.S. RajamouliN.T. Rama Rao Jr.RRR
47%
1Michael MorrisAndrea RiseboroughTo Leslie
47%
2Sarah PolleyRooney MaraWomen Talking
47%
1Lila NeugebauerJennifer LawrenceCauseway
40%
1Sam MendesOlivia ColmanEmpire of Light
40%
2Oliver HermanusBill NighyLiving
40%
1Joel CrawfordAntonio BanderasPuss in Boots: The Last Wish
40%
1Alejandro González IñárrituDaniel Giménez CachoBARDO, False Chronicle of a Handful of Truths
33%
1Dean Fleischer CampJenny SlateMarcel the Shell with Shoes On
33%
1Anthony FabianLesley ManvilleMrs. Harris Goes to Paris
33%
1Domee ShiRosalie ChiangTurning Red
27%
1Laura PoitrasN/AAll the Beauty and the Bloodshed
13%
1Santiago MitreRicardo DarínArgentina, 1985
13%
1Lukas DhontEden DambrineClose
13%
1Jerzy SkolimowskiSandra DrzymalskaEO
13%
1Sara DosaN/AFire of Love
13%
1Daniel RoherN/ANavalny
13%
1Colm BairéadCatherine ClinchThe Quiet Girl
13%
1Chris WilliamsKarl UrbanThe Sea Beast
13%
1Simon Lereng WilmontN/AA House Made of Splinters
7%
1Shaunak SenN/AAll That Breathes
7%
1Catherine Hardwicke
Taraji P. Henson
Lucía Puenzo
Leena Yadav
Maria Sole Tognazzi
Mipo O
Lucia Bulgheroni
Silvia Carobbio
Jennifer HudsonTell It Like a Woman
7%

Score Distribution

Percentile by Number Answered

Percent of People with Each Score

Your Score History

You have not taken this quiz